LEADER 00957nam0-2200289---450- 001 990009421180403321 005 20110912133239.0 035 $a000942118 035 $aFED01000942118 035 $a(Aleph)000942118FED01 035 $a000942118 100 $a20110912d1839----km-y0itay50------ba 101 0 $aita 102 $aIT 105 $af-------001yy 200 1 $aFauna del Regno di Napoli$eossia enumerazione di tutti gli animali che abitano le diverse regioni di questo Regno e le acque che le bagnano$e[Animali vertebrati]$fOronzio Gabriele Costa 210 $aNapoli$cdalla stamperia di Azzolino e compagno$d1839 215 $a1 v., 4 tav.$d27 cm 300 $aPaginazione varia 700 1$aCosta,$bOronzio Gabriele$f<1787-1868>$078345 801 0$aIT$bUNINA$gRICA$2UNIMARC 901 $aBK 912 $a990009421180403321 952 $aGM1 DeLo 0040$b99$fGM1 959 $aGM1 996 $aFauna del Regno di Napoli$9406507 997 $aUNINA LEADER 01686oam 2200505 450 001 9910717298103321 005 20220622094053.0 035 $a(CKB)5470000002529240 035 $a(OCoLC)46325212 035 $a(EXLCZ)995470000002529240 100 $a20010226d2000 ua 0 101 0 $aeng 135 $aurcn||||||||| 181 $ctxt$2rdacontent 182 $cc$2rdamedia 183 $acr$2rdacarrier 200 10$aBasement structure beneath Langford Well Lake basin, Fort Irwin, California, based on inversion of gravity data /$fby Robert L. Morin 205 $aVersion 1.0. 210 1$a[Menlo Park, Calif.] :$cU.S. Department of the Interior, U.S. Geological Survey,$d2000. 215 $a1 online resource (13 pages) $ccolor maps 225 1 $aOpen-file report ;$v00-518 320 $aIncludes bibliographical references (page 13). 606 $aGravity stations$zCalifornia$zFort Irwin 606 $aGeology, Structural$zCalifornia$zFort Irwin 606 $aGeology, Structural$2fast 606 $aGravity stations$2fast 607 $aCalifornia$zFort Irwin$2fast 615 0$aGravity stations 615 0$aGeology, Structural 615 7$aGeology, Structural. 615 7$aGravity stations. 700 $aMorin$b Robert L.$0291521 712 02$aGeological Survey (U.S.), 801 0$bGIS 801 1$bGIS 801 2$bOCLCQ 801 2$bOCLCF 801 2$bOCLCO 801 2$bOCLCQ 801 2$bOCLCO 801 2$bGPO 906 $aBOOK 912 $a9910717298103321 996 $aBasement structure beneath Langford Well Lake basin, Fort Irwin, California, based on inversion of gravity data$93463695 997 $aUNINA LEADER 01740oam 2200445M 450 001 9910716424303321 005 20200213070541.8 035 $a(CKB)5470000002521905 035 $a(OCoLC)1065859543 035 $a(OCoLC)995470000002521905 035 $a(EXLCZ)995470000002521905 100 $a20071213d1927 ua 0 101 0 $aeng 135 $aurcn||||||||| 181 $ctxt$2rdacontent 182 $cc$2rdamedia 183 $acr$2rdacarrier 200 10$aPurchase of land for Camp Marfa, Tex. January 6, 1927. -- Committed to the Committee of the Whole House on the State of the Union and ordered to be printed 210 1$a[Washington, D.C.] :$c[U.S. Government Printing Office],$d1927. 215 $a1 online resource (2 pages) 225 1 $aHouse report / 69th Congress, 2nd session. House ;$vno. 1688 225 1 $a[United States congressional serial set] ;$v[serial no. 8688] 300 $aBatch processed record: Metadata reviewed, not verified. Some fields updated by batch processes. 300 $aFDLP item number not assigned. 606 $aGovernment purchasing of real property 606 $aMilitary reservations 606 $aCost 608 $aLegislative materials.$2lcgft 615 0$aGovernment purchasing of real property. 615 0$aMilitary reservations. 615 0$aCost. 701 $aWurzbach$b Harry McLeary$f1874-1931$pRepublican (TX)$01386829 801 0$bWYU 801 1$bWYU 801 2$bOCLCO 801 2$bOCLCQ 906 $aBOOK 912 $a9910716424303321 996 $aPurchase of land for Camp Marfa, Tex. January 6, 1927. -- Committed to the Committee of the Whole House on the State of the Union and ordered to be printed$93541254 997 $aUNINA